[Event "Titled Tuesday intern op 02nd Apr Early"]
[Site "Chess.com INT"]
[Date "2024.04.02"]
[Round "3"]
[White "Csonka, Balazs"]
[Black "Firouzja, Alireza"]
[Result "0-1"]
[WhiteElo "2476"]
[BlackElo "2760"]
[PlyCount "44"]
[EventDate "2024.04.02"]
[EventType "swiss (blitz)"]
[EventRounds "11"]
[EventCountry "USA"]
[SourceTitle "CB15_2024"]
[SourceDate "2024.04.10"]
[SourceVersion "1"]
[SourceVersionDate "2024.04.10"]
[SourceQuality "1"]

1. e4 c5 2. Nf3 d6 3. d4 cxd4 4. Nxd4 Nf6 5. Nc3 a6 6. Bg5 e6 7. f4 h6 8. Bh4 Be7 9. Qf3 Qc7 10. 0-0-0 Nbd7 11. Be2 Rg8 12. Rhf1 g5 13. Bg3 gxf4 14. Bxf4 Ne5 15. Qf2 b5 16. Bxb5+ axb5 17. Ndxb5 Qc6 18. Bxe5 dxe5 19. Nd6+ Kf8 20. h3 Ba6 21. Rfe1 Rg6 22. a4 Bxd6 0-1

[Event "Titled Tuesday intern op 02nd Apr Early"]
[Site "Chess.com INT"]
[Date "2024.04.02"]
[Round "11"]
[White "Gavrilov, Maxim"]
[Black "Csonka, Balazs"]
[Result "0-1"]
[WhiteElo "2150"]
[BlackElo "2476"]
[PlyCount "110"]
[EventDate "2024.04.02"]
[EventType "swiss (blitz)"]
[EventRounds "11"]
[EventCountry "USA"]
[SourceTitle "CB15_2024"]
[SourceDate "2024.04.10"]
[SourceVersion "1"]
[SourceVersionDate "2024.04.10"]
[SourceQuality "1"]

1. d4 Nf6 2. c4 a6 3. Nc3 b5 4. cxb5 axb5 5. Nxb5 e5 6. dxe5 Ne4 7. Nc3 Bb4 8. Qc2 d5 9. Nf3 Bf5 10. Qb3 Nc6 11. e3 Ra3 12. bxa3 Bxc3+ 13. Bd2 Bxa1 14. Bb5 Bd7 15. Qxd5 Nxd2 16. Kxd2 Bb2 17. Rb1 0-0 18. Rxb2 Qa8 19. Qxd7 Rd8 20. Bxc6 Rxd7+ 21. Bxd7 g6 22. e6 Qxa3 23. Rc2 Kg7 24. Nd4 fxe6 25. Bxe6 c5 26. Nb3 Qa6 27. Bc4 Qd6+ 28. Ke2 Qxh2 29. Bd5 Qe5 30. Bf3 h5 31. Nxc5 h4 32. Nd3 Qb5 33. Rb2 Qa6 34. Be4 g5 35. Rb7+ Kf6 36. Rb2 g4 37. f3 h3 38. gxh3 gxh3 39. Kf1 Qd6 40. Kg1 Qg3+ 41. Kh1 Ke7 42. Rf2 Qg5 43. Nf4 Qg3 44. Rf1 Kd8 45. a4 Qg5 46. Ra1 Qc5 47. Rd1+ Ke8 48. Bg6+ Ke7 49. Rd5 Qc1+ 50. Kh2 Qxe3 51. Kxh3 Qxf3+ 52. Kh4 Qxf4+ 53. Kh5 Qf3+ 54. Kh6 Qxd5 55. Be4 Qxe4 0-1

[Event "Titled Tuesday intern op 12th Mar Early"]
[Site "Chess.com INT"]
[Date "2024.03.12"]
[Round "3"]
[White "Csonka, Balazs"]
[Black "Paravyan, David"]
[Result "1/2-1/2"]
[WhiteElo "2491"]
[BlackElo "2612"]
[PlyCount "67"]
[EventDate "2024.03.12"]
[EventType "swiss (blitz)"]
[EventRounds "11"]
[EventCountry "USA"]
[SourceTitle "CB12_2024"]
[SourceDate "2023.10.01"]
[SourceVersion "1"]
[SourceVersionDate "2023.10.01"]
[SourceQuality "1"]

1. e4 e5 2. Nf3 Nf6 3. Nxe5 d6 4. Nf3 Nxe4 5. Nc3 Nxc3 6. dxc3 Be7 7. Be3 0-0 8. Qd2 Nd7 9. 0-0-0 Nf6 10. Bd3 Re8 11. h4 d5 12. Kb1 c6 13. Ng5 h6 14. f3 c5 15. g4 c4 16. Bf1 b5 17. Bd4 Rb8 18. Nxf7 Kxf7 19. g5 Qd6 20. Rg1 Bf5 21. gxf6 Bxf6 22. Bxf6 Qxf6 23. Qxd5+ Kf8 24. a3 Qe5 25. Qxe5 Rxe5 26. Kc1 Kf7 27. Bg2 Re2 28. Rd2 Rbe8 29. Rgd1 Rxd2 30. Kxd2 Rd8+ 31. Kc1 Re8 32. Kd2 Rd8+ 33. Kc1 Re8 34. Kd2 1/2-1/2

[Event "Titled Tuesday intern op 12th Mar Early"]
[Site "Chess.com INT"]
[Date "2024.03.12"]
[Round "10"]
[White "Gavrilov, Maxim"]
[Black "Csonka, Balazs"]
[Result "0-1"]
[WhiteElo "2167"]
[BlackElo "2491"]
[PlyCount "120"]
[EventDate "2024.03.12"]
[EventType "swiss (blitz)"]
[EventRounds "11"]
[EventCountry "USA"]
[SourceTitle "CB12_2024"]
[SourceDate "2023.10.01"]
[SourceVersion "1"]
[SourceVersionDate "2023.10.01"]
[SourceQuality "1"]

1. d4 d5 2. c4 c6 3. Nc3 Nf6 4. e3 a6 5. Nf3 Bf5 6. b3 e6 7. Bb2 Ne4 8. Nxe4 Bxe4 9. Nd2 Bg6 10. Be2 Nd7 11. 0-0 Bd6 12. Bf3 0-0 13. e4 dxe4 14. Nxe4 Bxe4 15. Bxe4 Qh4 16. f4 Bxf4 17. Rxf4 Qxf4 18. Qd3 Nf6 19. Bf3 Rad8 20. Rf1 Qd6 21. g4 e5 22. g5 e4 23. Bxe4 Nxe4 24. Qxe4 Rfe8 25. Qf3 Qe6 26. Rf2 Rd7 27. h4 Qe4 28. Qg3 Rde7 29. Kh2 Qe1 30. Qf4 Qxf2+ 31. Qxf2 Re2 32. Kg3 R8e3+ 33. Kg2 f6 34. gxf6 gxf6 35. d5 cxd5 36. cxd5 Kf7 37. Ba3 Rxf2+ 38. Kxf2 Rd3 39. d6 Ke6 40. Bb4 Rd4 41. a3 Rxh4 42. Kf3 Rxb4 43. axb4 Kxd6 44. Kf4 Kc6 45. b5+ Kxb5 46. Kf5 Kb4 47. Kxf6 Kxb3 48. Kg7 a5 49. Kh6 a4 50. Kxh7 a3 51. Kg7 a2 52. Kg8 b5 53. Kf8 b4 54. Ke8 Kc4 55. Kd8 b3 56. Kc8 b2 57. Kd8 b1Q 58. Ke8 Qb7 59. Kd8 a1Q 60. Ke8 Qaa8# 0-1

[Event "Titled Tuesday intern op 12th Mar Early"]
[Site "Chess.com INT"]
[Date "2024.03.12"]
[Round "6"]
[White "Shimanov, Aleksandr"]
[Black "Csonka, Balazs"]
[Result "1-0"]
[WhiteElo "2578"]
[BlackElo "2491"]
[PlyCount "65"]
[EventDate "2024.03.12"]
[EventType "swiss (blitz)"]
[EventRounds "11"]
[EventCountry "USA"]
[SourceTitle "CB12_2024"]
[SourceDate "2023.10.01"]
[SourceVersion "1"]
[SourceVersionDate "2023.10.01"]
[SourceQuality "1"]

1. e4 e6 2. c3 d5 3. e5 c5 4. f4 h5 5. Nf3 Nh6 6. Na3 Nc6 7. Nc2 Nf5 8. d3 d4 9. c4 b6 10. a3 Bb7 11. g3 Be7 12. Qe2 Na5 13. Bg2 Nb3 14. Rb1 Qd7 15. Nd2 Nxd2 16. Bxd2 h4 17. g4 h3 18. Be4 Nh4 19. 0-0 Ng2 20. b4 Rc8 21. Rf3 Rh4 22. Rg3 Bxe4 23. Qxe4 Qa4 24. Rb2 Kf8 25. b5 Re8 26. Qb7 Rd8 27. Kf2 Ne3 28. Bxe3 dxe3+ 29. Kxe3 f5 30. gxf5 exf5 31. Rxg7 Re8 32. Rg3 Rg4 33. Rxh3 1-0

[Event "Prague op"]
[Site "Prague"]
[Date "2024.03.05"]
[Round "7"]
[White "Csonka, Balazs"]
[Black "Daakshin, Arun"]
[Result "1-0"]
[WhiteElo "2480"]
[BlackElo "2274"]
[PlyCount "99"]
[EventDate "2024.02.28"]
[EventType "swiss"]
[EventRounds "9"]
[EventCountry "CZE"]
[SourceTitle "CB11_2024"]
[SourceDate "2024.03.13"]
[SourceVersion "1"]
[SourceVersionDate "2024.03.13"]
[SourceQuality "1"]

1. d4 Nf6 2. c4 g6 3. g3 Bg7 4. Bg2 0-0 5. Nc3 d6 6. h3 e5 7. Nf3 Nc6 8. Be3 exd4 9. Nxd4 Nxd4 10. Bxd4 Be6 11. b3 c6 12. 0-0 a5 13. Rc1 Ra6 14. e4 Qd7 15. Kh2 b5 16. cxb5 cxb5 17. Qd3 a4 18. Nxb5 axb3 19. Rc7 Qd8 20. axb3 Nd7 21. Bxg7 Kxg7 22. Rc3 Nc5 23. Qe3 Qb6 24. Nd4 Re8 25. Rd1 Bc8 26. Nc2 Bb7 27. f3 Ne6 28. Qxb6 Rxb6 29. Ne3 Nc5 30. Nc4 Rxb3 31. Rxb3 Nxb3 32. Nxd6 Rb8 33. Rb1 Bc6 34. e5 Bd5 35. f4 Be6 36. g4 f5 37. gxf5 gxf5 38. Rb2 Kg6 39. Bf3 Rb4 40. Rg2+ Kh6 41. Bd5 Nc5 42. Bxe6 Nxe6 43. Nxf5+ Kh5 44. Ng3+ Kh4 45. Ne2 Rb2 46. f5 Ng5 47. Ng1 Rb3 48. Re2 h5 49. e6 Rg3 50. e7 1-0

[Event "Prague op"]
[Site "Prague"]
[Date "2024.03.02"]
[Round "4"]
[White "Sorm, Daniel"]
[Black "Csonka, Balazs"]
[Result "0-1"]
[WhiteElo "2280"]
[BlackElo "2480"]
[PlyCount "92"]
[EventDate "2024.02.28"]
[EventType "swiss"]
[EventRounds "9"]
[EventCountry "CZE"]
[SourceTitle "CB11_2024"]
[SourceDate "2024.03.13"]
[SourceVersion "1"]
[SourceVersionDate "2024.03.13"]
[SourceQuality "1"]

1. d4 Nf6 2. c4 e6 3. Nc3 d5 4. cxd5 Nxd5 5. e3 c5 6. Bd3 cxd4 7. exd4 g6 8. h4 Bg7 9. h5 Nc6 10. Nf3 Qb6 11. h6 Bxd4 12. Nxd5 exd5 13. Qe2+ Be6 14. Nxd4 Qxd4 15. 0-0 0-0 16. Be3 Qg4 17. f3 Qh4 18. Qd2 a6 19. a3 Rfe8 20. b4 Ne5 21. Be2 f6 22. Bf2 Qh5 23. g4 Nxg4 24. fxg4 Bxg4 25. Bd1 Bxd1 26. Qxd1 Qg5+ 27. Kh2 Qxh6+ 28. Kg2 Qg5+ 29. Bg3 Re3 30. Rf3 Rae8 31. Qf1 h5 32. Rxe3 Rxe3 33. Qf4 Qxf4 34. Bxf4 Rd3 35. Rc1 g5 36. Rc8+ Kf7 37. Rc7+ Ke6 38. Rxb7 gxf4 39. Rb6+ Kf5 40. Rxa6 Kg4 41. Rxf6 Rxa3 42. Rg6+ Kf5 43. Rh6 Rb3 44. Rxh5+ Ke4 45. Rh8 Rb2+ 46. Kf1 Rxb4 0-1

[Event "Titled Tuesday intern op 13th Feb Early"]
[Site "Chess.com INT"]
[Date "2024.02.13"]
[Round "2"]
[White "Csonka, Balazs"]
[Black "Melikhov, Evgeny V"]
[Result "1-0"]
[WhiteElo "2480"]
[BlackElo "2172"]
[PlyCount "113"]
[EventDate "2024.02.13"]
[EventType "swiss (blitz)"]
[EventRounds "11"]
[EventCountry "USA"]
[SourceTitle "CB08_2024"]
[SourceDate "2024.02.21"]
[SourceVersion "1"]
[SourceVersionDate "2024.02.21"]
[SourceQuality "1"]

1. e4 e5 2. Nf3 Nc6 3. d4 exd4 4. Nxd4 Bc5 5. Nb3 Bb6 6. Nc3 a5 7. Nd5 Ba7 8. Qg4 g6 9. Qg3 d6 10. Bb5 Bd7 11. Qc3 f6 12. 0-0 Kf7 13. a4 Kg7 14. Kh1 Rc8 15. Nxa5 Nxa5 16. Qxa5 Bd4 17. Qd2 Ba7 18. Bxd7 Qxd7 19. a5 c6 20. Nb6 Bxb6 21. axb6 h5 22. Rd1 d5 23. exd5 cxd5 24. b3 Ne7 25. Bb2 Rhd8 26. Ra4 Nc6 27. Rf4 d4 28. h4 Qe6 29. Bxd4 Nxd4 30. Rxd4 Rxd4 31. Qxd4 Rxc2 32. Qd7+ Qf7 33. Qxf7+ Kxf7 34. Rd7+ Ke6 35. Rxb7 Rb2 36. Rg7 Kf5 37. b7 Rxb3 38. f3 g5 39. hxg5 fxg5 40. Kg1 Kf4 41. Kf2 Rb2+ 42. Ke1 g4 43. fxg4 hxg4 44. Kd1 Kg3 45. Kc1 Rb4 46. Kc2 Kf4 47. Kc3 Rb1 48. Kc4 Kg3 49. Kd5 Rd1+ 50. Kc6 Rc1+ 51. Kd7 Rb1 52. Kc8 Rc1+ 53. Kb8 Rb1 54. Rg6 Rb4 55. Kc7 Kf4 56. b8Q Rxb8 57. Kxb8 1-0

[Event "Titled Tuesday intern op 13th Feb Early"]
[Site "Chess.com INT"]
[Date "2024.02.13"]
[Round "10"]
[White "Csonka, Balazs"]
[Black "Tulchynskyi, Feliks"]
[Result "1-0"]
[WhiteElo "2480"]
[BlackElo "2288"]
[PlyCount "71"]
[EventDate "2024.02.13"]
[EventType "swiss (blitz)"]
[EventRounds "11"]
[EventCountry "USA"]
[SourceTitle "CB08_2024"]
[SourceDate "2024.02.21"]
[SourceVersion "1"]
[SourceVersionDate "2024.02.21"]
[SourceQuality "1"]

1. c4 e6 2. g3 d5 3. Bg2 c5 4. cxd5 exd5 5. Nf3 Nc6 6. d4 Bg4 7. Ne5 Nxe5 8. dxe5 Be6 9. Nc3 Ne7 10. Bg5 Qa5 11. 0-0 Rd8 12. f4 d4 13. Ne4 Nc6 14. Bxd8 Qxd8 15. Rc1 Bd5 16. Nxc5 Bxg2 17. Kxg2 Qd5+ 18. e4 Qxa2 19. Qb3 Qxb3 20. Nxb3 Bb4 21. Rfd1 0-0 22. Nxd4 Na5 23. Nc2 Be7 24. Ne3 Nc6 25. Rd7 Rb8 26. Rxc6 bxc6 27. Rxe7 Rxb2+ 28. Kf3 g6 29. f5 Rb8 30. Rxa7 Rc8 31. Nc4 c5 32. Nd6 Rc6 33. Ra8+ Kg7 34. f6+ Kh6 35. Nxf7+ Kh5 36. Rh8 1-0

[Event "BCF-chT 2324 (4NCL)"]
[Site "England"]
[Date "2024.02.10"]
[Round "5.1"]
[White "Arora, Tashika"]
[Black "Csonka, Balazs"]
[Result "0-1"]
[WhiteElo "1964"]
[BlackElo "2480"]
[PlyCount "90"]
[EventDate "2023.11.11"]
[EventType "team-tourn"]
[EventRounds "11"]
[EventCountry "ENG"]
[SourceTitle "CB11_2024"]
[SourceDate "2024.03.13"]
[SourceVersion "1"]
[SourceVersionDate "2024.03.13"]
[SourceQuality "1"]
[WhiteTeam "Oxford"]
[BlackTeam "Manx Liberty"]
[WhiteTeamCountry "ENG"]
[BlackTeamCountry "ENG"]

1. d4 g6 2. c4 Bg7 3. g3 c5 4. d5 Qa5+ 5. Nd2 Nf6 6. Bg2 d6 7. e4 b5 8. cxb5 Qxb5 9. Ne2 Ba6 10. Nc3 Qa5 11. Bf1 0-0 12. Be2 Rc8 13. 0-0 Nfd7 14. Nb3 Qb4 15. Bxa6 Nxa6 16. a3 Qb6 17. Qc2 c4 18. Nd2 Ne5 19. Kg2 Rab8 20. Rb1 Nc5 21. f4 Ned3 22. Na4 Nxa4 23. Qxa4 Qe3 24. Qd1 c3 25. bxc3 Rxb1 26. Nxb1 Qxe4+ 27. Kh3 Qxd5 28. Qe2 e5 29. fxe5 dxe5 30. Be3 a6 31. g4 Rc4 32. Rd1 e4 33. Qd2 Qe6 34. Qg2 h5 35. Qe2 hxg4+ 36. Kg2 f5 37. Kh1 Rc8 38. Rd2 Be5 39. Qd1 Qc6 40. Kg1 Kg7 41. Rg2 f4 42. Bf2 Nxf2 43. Kxf2 e3+ 44. Kg1 f3 45. Rxg4 f2+ 0-1

[Event "Titled Tuesday intern op 06th Feb Early"]
[Site "Chess.com INT"]
[Date "2024.02.06"]
[Round "2"]
[White "Balint, Peter1"]
[Black "Csonka, Balazs"]
[Result "0-1"]
[WhiteElo "2294"]
[BlackElo "2480"]
[PlyCount "102"]
[EventDate "2024.02.06"]
[EventType "swiss (blitz)"]
[EventRounds "11"]
[EventCountry "USA"]
[SourceTitle "CB07_2024"]
[SourceDate "2024.02.14"]
[SourceVersion "1"]
[SourceVersionDate "2024.02.14"]
[SourceQuality "1"]

1. e4 c5 2. Nf3 d6 3. d4 cxd4 4. Nxd4 Nf6 5. Nc3 Nc6 6. Bc4 e6 7. Be3 Bd7 8. Qe2 a6 9. 0-0-0 Na5 10. Bd3 Rc8 11. Kb1 b5 12. a3 Rxc3 13. bxc3 Qc7 14. Nb3 Nc4 15. Bc1 d5 16. f3 Nxa3+ 17. Bxa3 Bxa3 18. Qd2 0-0 19. g4 Bc6 20. g5 Nd7 21. Rhe1 Nb6 22. h4 Ba8 23. Re3 Nc4 24. Qe1 Nxe3 25. Qxe3 Qxc3 26. Qd4 Qxd4 27. Nxd4 dxe4 28. fxe4 Rd8 29. e5 Rxd4 30. Bxh7+ Kxh7 31. Rxd4 Bd5 32. h5 Be7 33. Rf4 Bxg5 34. Rxf7 Kh6 35. Ra7 Kxh5 36. Rxg7 a5 37. Kb2 Kg4 38. Kc3 Kf5 39. Kd4 a4 40. Rf7+ Kg6 41. Ra7 Bc4 42. Rc7 Bh4 43. Kc5 Kf5 44. Kd6 Bg3 45. Rf7+ Ke4 46. Ra7 Bxe5+ 47. Ke7 Bd4 48. Ra6 e5 49. Kf6 Ke3 50. Kf5 Kd2 51. Ke4 Kc3 0-1

[Event "Titled Tuesday intern op 06th Feb Early"]
[Site "Chess.com INT"]
[Date "2024.02.06"]
[Round "3"]
[White "Csonka, Balazs"]
[Black "Pranav, V."]
[Result "1/2-1/2"]
[WhiteElo "2480"]
[BlackElo "2611"]
[PlyCount "63"]
[EventDate "2024.02.06"]
[EventType "swiss (blitz)"]
[EventRounds "11"]
[EventCountry "USA"]
[SourceTitle "CB07_2024"]
[SourceDate "2024.02.14"]
[SourceVersion "1"]
[SourceVersionDate "2024.02.14"]
[SourceQuality "1"]

1. e4 e5 2. Nf3 Nc6 3. Bb5 a6 4. Ba4 Nf6 5. 0-0 b5 6. Bb3 Bc5 7. a4 Rb8 8. c3 d6 9. d4 Bb6 10. a5 Ba7 11. h3 0-0 12. Be3 Ra8 13. Re1 h6 14. Nbd2 Re8 15. Nf1 exd4 16. cxd4 Rxe4 17. Ng3 Re8 18. Qd2 d5 19. Bxh6 Ne4 20. Nxe4 dxe4 21. Ng5 Rf8 22. Qf4 Qxd4 23. Bxf7+ Kh8 24. Re3 Qd6 25. Bxg7+ Kxg7 26. Ne6+ Bxe6 27. Rg3+ Bg4 28. Rxg4+ Kh8 29. Rh4+ Kg7 30. Rg4+ Kh8 31. Rh4+ Kg7 32. Rg4+ 1/2-1/2

[Event "Titled Tuesday intern op 06th Feb Early"]
[Site "Chess.com INT"]
[Date "2024.02.06"]
[Round "5"]
[White "Perea Fruet, Lorenzo"]
[Black "Csonka, Balazs"]
[Result "1-0"]
[WhiteElo "2311"]
[BlackElo "2480"]
[PlyCount "57"]
[EventDate "2024.02.06"]
[EventType "swiss (blitz)"]
[EventRounds "11"]
[EventCountry "USA"]
[SourceTitle "CB07_2024"]
[SourceDate "2024.02.14"]
[SourceVersion "1"]
[SourceVersionDate "2024.02.14"]
[SourceQuality "1"]

1. f4 Nh6 2. Nf3 g6 3. g3 Bg7 4. Bg2 d5 5. d3 0-0 6. 0-0 d4 7. Nbd2 Nc6 8. Nb3 Nf5 9. Bd2 e5 10. fxe5 Nxe5 11. Nxe5 Bxe5 12. Nc5 c6 13. Ne4 Ne3 14. Bxe3 dxe3 15. c3 f5 16. Nc5 f4 17. Qb3+ Kh8 18. Ne6 Bxe6 19. Qxe6 Re8 20. Qg4 fxg3 21. hxg3 Qc7 22. Rf3 Re7 23. Raf1 Bg7 24. Rf4 Rae8 25. Be4 Qb6 26. Bxg6 Rg8 27. Bxh7 Kxh7 28. Qf5+ Kh8 29. Rh4+ 1-0

[Event "Titled Tuesday intern op 16th Jan Early"]
[Site "Chess.com INT"]
[Date "2024.01.16"]
[Round "10"]
[White "Kuzubov, Yuriy"]
[Black "Csonka, Balazs"]
[Result "0-1"]
[WhiteElo "2605"]
[BlackElo "2479"]
[PlyCount "184"]
[EventDate "2024.01.16"]
[EventType "swiss (blitz)"]
[EventRounds "11"]
[EventCountry "USA"]
[SourceTitle "CB04_2024"]
[SourceDate "2023.10.16"]
[SourceVersion "1"]
[SourceVersionDate "2023.10.16"]
[SourceQuality "1"]

1. d4 Nf6 2. Nf3 e6 3. c4 d5 4. Nc3 dxc4 5. e4 Bb4 6. Bxc4 Nxe4 7. 0-0 Nxc3 8. bxc3 Bd6 9. Ng5 h6 10. Ne4 0-0 11. Qf3 Nc6 12. Re1 Kh8 13. Qh5 Kh7 14. Bg5 Be7 15. Bf4 f5 16. Nd2 Bg5 17. Bxg5 Qxg5 18. Qxg5 hxg5 19. Bxe6 Bxe6 20. Rxe6 Rfe8 21. Rae1 Rxe6 22. Rxe6 Kg8 23. d5 Rd8 24. c4 Nd4 25. Re7 c6 26. Rxb7 cxd5 27. c5 Rc8 28. Rb4 Ne6 29. Ra4 Rxc5 30. Nb3 Rc2 31. Rxa7 Nd4 32. g3 Nxb3 33. axb3 Rb2 34. Rb7 d4 35. Rd7 Rxb3 36. Rxd4 Kh7 37. Kg2 Kh6 38. h3 g6 39. Rd7 Ra3 40. Rc7 Rb3 41. Kf1 Rb1+ 42. Ke2 Rb2+ 43. Ke3 Rb3+ 44. Kd2 Rb2+ 45. Rc2 Rb3 46. Ke2 Ra3 47. Rc7 Ra2+ 48. Ke3 Ra3+ 49. Kd4 Ra2 50. f3 Ra3 51. Rc3 Ra5 52. g4 fxg4 53. hxg4 Ra4+ 54. Ke5 Ra5+ 55. Kd6 Ra6+ 56. Kd7 Ra7+ 57. Kd8 Ra8+ 58. Ke7 Ra7+ 59. Ke6 Ra6+ 60. Kf7 Ra7+ 61. Ke8 Ra8+ 62. Kd7 Ra7+ 63. Kd8 Ra8+ 64. Rc8 Ra3 65. Ke7 Rxf3 66. Ke6 Rf4 67. Ke5 Rxg4 68. Rh8+ Kg7 69. Rh1 Rf4 70. Rg1 Kh6 71. Rh1+ Kg7 72. Rg1 Rf5+ 73. Ke4 Kf6 74. Ke3 Rf4 75. Rg2 Kf5 76. Rg1 g4 77. Rc1 Rf3+ 78. Ke2 Kf4 79. Rc6 Kg3 80. Rxg6 Kh3 81. Rh6+ Kg2 82. Rg6 g3 83. Rg8 Rf7 84. Rg6 Kh2 85. Rh6+ Kg1 86. Rg6 g2 87. Rg8 Rh7 88. Rg6 Kh1 89. Kf2 Rf7+ 90. Ke2 Re7+ 91. Kf2 Rf7+ 92. Ke2 g1Q 0-1

[Event "Titled Tuesday intern op 09th Jan Early"]
[Site "Chess.com INT"]
[Date "2024.01.09"]
[Round "5"]
[White "Csonka, Balazs"]
[Black "Demchenko, Anton"]
[Result "0-1"]
[WhiteElo "2479"]
[BlackElo "2609"]
[PlyCount "70"]
[EventDate "2024.01.09"]
[EventType "swiss (blitz)"]
[EventRounds "11"]
[EventCountry "USA"]
[SourceTitle "CB03_2024"]
[SourceDate "2024.01.17"]
[SourceVersion "1"]
[SourceVersionDate "2024.01.17"]
[SourceQuality "1"]

1. d4 Nf6 2. c4 d6 3. Nf3 Nc6 4. Nc3 e5 5. dxe5 dxe5 6. Qxd8+ Kxd8 7. Bg5 Be6 8. e3 Kc8 9. 0-0-0 Nd7 10. Nd2 f6 11. Bh4 a5 12. Nd5 Nb4 13. Nc3 Nc5 14. a3 Nc6 15. Nde4 Nxe4 16. Nxe4 a4 17. Kc2 Be7 18. Kc3 g5 19. Bg3 f5 20. Bd3 fxe4 21. Bxe4 Bf6 22. h4 g4 23. h5 Ra5 24. Bd5 Re8 25. h6 Rc5 26. Rh5 b5 27. Kc2 Bxd5 28. Rxd5 Rxc4+ 29. Kb1 b4 30. Rb5 b3 31. Rf5 Re6 32. f3 gxf3 33. gxf3 e4 34. fxe4 Rcxe4 35. Bf2 Rc4 0-1

[Event "Titled Tuesday intern op 09th Jan Early"]
[Site "Chess.com INT"]
[Date "2024.01.09"]
[Round "9"]
[White "Csonka, Balazs"]
[Black "Erzhanov, Arman"]
[Result "0-1"]
[WhiteElo "2479"]
[BlackElo "2156"]
[PlyCount "88"]
[EventDate "2024.01.09"]
[EventType "swiss (blitz)"]
[EventRounds "11"]
[EventCountry "USA"]
[SourceTitle "CB03_2024"]
[SourceDate "2024.01.17"]
[SourceVersion "1"]
[SourceVersionDate "2024.01.17"]
[SourceQuality "1"]

1. d4 d6 2. e4 Nf6 3. Nc3 c6 4. Nf3 Bg4 5. h3 Bxf3 6. Qxf3 e6 7. Bd2 d5 8. 0-0-0 Bb4 9. e5 Nfd7 10. Qg4 g6 11. Bd3 h5 12. Qg3 Rg8 13. h4 a6 14. Kb1 c5 15. Bg5 Qa5 16. Nxd5 exd5 17. e6 fxe6 18. c3 Bxc3 19. bxc3 cxd4 20. Rhe1 Qb6+ 21. Ka1 Nf8 22. Qf4 Nbd7 23. cxd4 Rc8 24. Rb1 Qc7 25. Qxc7 Rxc7 26. Bf4 Rc3 27. Re3 b5 28. Bxb5 Rxe3 29. Bxd7+ Nxd7 30. fxe3 Ke7 31. Rb7 Rc8 32. Kb2 Rc6 33. Kb3 Rc1 34. Ka4 Rc2 35. a3 Rxg2 36. Ka5 Ra2 37. Rb3 e5 38. dxe5 Ke6 39. Kxa6 Nc5+ 40. Kb5 Nxb3 41. a4 d4 42. exd4 Nxd4+ 43. Kb4 Nc6+ 44. Kb5 Nxe5 0-1

[Event "Titled Tuesday intern op 09th Jan Early"]
[Site "Chess.com INT"]
[Date "2024.01.09"]
[Round "3"]
[White "Csonka, Balazs"]
[Black "Livaic, Leon"]
[Result "0-1"]
[WhiteElo "2479"]
[BlackElo "2557"]
[PlyCount "40"]
[EventDate "2024.01.09"]
[EventType "swiss (blitz)"]
[EventRounds "11"]
[EventCountry "USA"]
[SourceTitle "CB03_2024"]
[SourceDate "2024.01.17"]
[SourceVersion "1"]
[SourceVersionDate "2024.01.17"]
[SourceQuality "1"]

1. e4 c5 2. Nf3 e6 3. d4 cxd4 4. Nxd4 Nf6 5. Nc3 Nc6 6. a3 d6 7. Be3 a6 8. f3 h5 9. Bc4 Be7 10. Ba2 Bd7 11. 0-0 h4 12. f4 h3 13. g4 Rh4 14. g5 Ng4 15. Nxc6 Bxc6 16. Bd4 Bxg5 17. fxg5 Qxg5 18. Kh1 Ne3 19. Rg1 Qf4 20. Bxe3 Bxe4+ 0-1

[Event "HUN-ch"]
[Site "Budapest"]
[Date "2023.12.20"]
[Round "9"]
[White "Csonka, Balazs"]
[Black "Kantor, Gergely"]
[Result "1/2-1/2"]
[WhiteElo "2485"]
[BlackElo "2531"]
[PlyCount "60"]
[EventDate "2023.12.12"]
[EventType "swiss"]
[EventRounds "9"]
[EventCountry "HUN"]
[SourceTitle "CB52_2023"]
[SourceDate "2023.12.27"]
[SourceVersion "1"]
[SourceVersionDate "2023.12.27"]
[SourceQuality "1"]

1. d4 Nf6 2. c4 e6 3. Nf3 b6 4. g3 Bb7 5. Bg2 Be7 6. 0-0 0-0 7. Nc3 Ne4 8. Nxe4 Bxe4 9. Ne1 Bxg2 10. Nxg2 d5 11. Qa4 dxc4 12. Qxc4 c5 13. dxc5 Bxc5 14. Be3 Nd7 15. Rfd1 Qe7 16. Rac1 Rfd8 17. Bxc5 Nxc5 18. Nf4 a5 19. b3 h6 20. Nd3 Nxd3 21. Rxd3 Rd6 22. Rcd1 Rad8 23. Rxd6 Rxd6 24. Rxd6 Qxd6 25. Qc8+ Kh7 26. Qc2+ Kg8 27. Qc8+ Kh7 28. Qc2+ Kg8 29. Qc8+ Kh7 30. Qc2+ Kg8 1/2-1/2